[Event "Campobasso op 18th"]
[Site "Campobasso "]
[Date "2011.07.24"]
[Round "5"]
[White "Gatti, Francesco"]
[Black "Distaso, Antonio"]
[Result "0-1"]
[WhiteElo "1790"]
[BlackElo "2022"]
[PlyCount "36"]
[EventDate "2011.08.06"]
[EventType "swiss"]
[EventRounds "6"]
[EventCountry "ITA"]
[SourceTitle "EXT 2014"]
[Source "ChessBase"]
[SourceDate "2013.11.20"]
[SourceVersion "1"]
[SourceVersionDate "2013.11.20"]
[SourceQuality "1"]

1. e4 c5 2. Nf3 Nc6 3. d4 cxd4 4. Nxd4 g6 5. Nc3 Bg7 6. Be3 Nf6 7. f3 0-0 8. Qd2 d5 9. 0-0-0 Nxd4 10. Bxd4 dxe4 11. fxe4 Be6 12. Be2 Qa5 13. Kb1 Nxe4 14. Qe3 Nxc3+ 15. Qxc3 Qxa2+ 16. Kc1 Bh6+ 17. Be3 Rfd8 18. b3 Bxe3+ 0-1

[Event "Campobasso op-A 17th"]
[Site "Campobasso"]
[Date "2010.07.25"]
[Round "6"]
[White "Gatti, Francesco"]
[Black "Giacchetti, Lorenzo"]
[Result "1/2-1/2"]
[WhiteElo "1823"]
[BlackElo "1843"]
[PlyCount "71"]
[EventDate "2010.07.22"]
[EventType "swiss"]
[EventRounds "6"]
[EventCountry "ITA"]
[SourceTitle "EXT 2013"]
[Source "ChessBase"]
[SourceDate "2012.11.22"]
[SourceVersion "1"]
[SourceVersionDate "2012.11.22"]
[SourceQuality "1"]

1. e4 c5 2. Nf3 Nc6 3. d4 cxd4 4. Nxd4 Nf6 5. Nc3 e5 6. Ndb5 d6 7. Bg5 a6 8. Na3 b5 9. Bxf6 gxf6 10. Nd5 Bg7 11. c3 Ne7 12. Nc2 f5 13. Bd3 Nxd5 14. exd5 Qg5 15. 0-0 e4 16. Re1 Be5 17. Bf1 Rg8 18. g3 h5 19. Kh1 h4 20. Qe2 hxg3 21. fxg3 f4 22. Qxe4 Bf5 23. Qg2 fxg3 24. Nd4 Rh8 25. Nf3 Qf4 26. Kg1 gxh2+ 27. Kh1 0-0-0 28. Qf2 Be4 29. Bg2 Rdg8 30. Rxe4 Qxe4 31. Re1 Qg4 32. Nxe5 dxe5 33. Qc5+ Kb7 34. Qc6+ Ka7 35. Qc7+ Ka8 36. Qc6+ 1/2-1/2

[Event "Campobasso op-A 17th"]
[Site "Campobasso"]
[Date "2010.07.24"]
[Round "4"]
[White "Gatti, Francesco"]
[Black "Radice, Mario"]
[Result "0-1"]
[WhiteElo "1823"]
[BlackElo "1917"]
[PlyCount "78"]
[EventDate "2010.07.22"]
[EventType "swiss"]
[EventRounds "6"]
[EventCountry "ITA"]
[SourceTitle "EXT 2013"]
[Source "ChessBase"]
[SourceDate "2012.11.22"]
[SourceVersion "1"]
[SourceVersionDate "2012.11.22"]
[SourceQuality "1"]

1. e4 e6 2. g3 d5 3. Bg2 dxe4 4. Bxe4 Nf6 5. Bg2 Bc5 6. d3 0-0 7. Qe2 Re8 8. Be3 Qd6 9. Nd2 Qb6 10. Nb3 Bxe3 11. fxe3 Bd7 12. Nf3 Bc6 13. h3 a5 14. c3 Nd5 15. d4 Nd7 16. 0-0 a4 17. Nc1 a3 18. Rb1 Nxc3 19. Qc2 Nxb1 20. Ng5 Nf6 21. Rxf6 g6 22. Rxf7 Qxb2 23. Rf2 Qxc2 24. Rxc2 Bxg2 25. Kxg2 c6 26. Ne2 e5 27. Kf2 exd4 28. Nxd4 Re5 29. Ngf3 Rf8 30. Ke2 Rd5 31. Rc1 c5 32. Nb3 Rdf5 33. Nxc5 Rxf3 34. Rxb1 Rf2+ 35. Kd3 Rb2 36. Re1 Rxa2 37. Nxb7 Rb2 38. Nc5 a2 39. Ra1 Ra8 0-1

[Event "Campobasso op 16th"]
[Site "Campobasso"]
[Date "2009.07.24"]
[Round "2"]
[White "Gatti, Francesco"]
[Black "Forlano, Luigi"]
[Result "0-1"]
[WhiteElo "1819"]
[BlackElo "1987"]
[PlyCount "84"]
[EventDate "2009.07.24"]
[EventType "swiss"]
[EventRounds "6"]
[EventCountry "ITA"]
[SourceTitle "EXT 2012"]
[Source "ChessBase"]
[SourceDate "2011.11.24"]
[SourceVersion "1"]
[SourceVersionDate "2011.11.24"]
[SourceQuality "1"]

1. e4 c5 2. Nf3 g6 3. d4 cxd4 4. Nxd4 Nc6 5. Bc4 Bg7 6. Be3 Nf6 7. f3 0-0 8. Nc3 Qb6 9. Bb3 Nxe4 10. fxe4 Bxd4 11. Bxd4 Qxd4 12. Qe2 Qe5 13. 0-0-0 Nd4 14. Qf2 Nxb3+ 15. cxb3 e6 16. g4 a5 17. h4 h6 18. Kb1 b5 19. Rd4 Bb7 20. Re1 b4 21. Na4 Bc6 22. Nb6 a4 23. Nxa8 axb3 24. Nb6 bxa2+ 25. Ka1 Qc5 26. Nc4 e5 27. Nxe5 Qxe5 28. Rxb4 Re8 29. Qd2 d5 30. Qc3 Qxc3 31. bxc3 dxe4 32. Kxa2 f5 33. gxf5 gxf5 34. Rb6 Re6 35. Rg1+ Kf7 36. Kb2 Kf6 37. Kc1 f4 38. h5 f3 39. Rg6+ Kf5 40. Kd2 e3+ 41. Ke1 f2+ 42. Ke2 Bf3+ 0-1

[Event "Campobasso op-A 15th"]
[Site "Campobasso"]
[Date "2008.07.19"]
[Round "4"]
[White "Gatti, Francesco"]
[Black "Sabia, Corrado"]
[Result "0-1"]
[WhiteElo "1748"]
[BlackElo "2205"]
[PlyCount "64"]
[EventDate "2008.07.18"]
[EventType "swiss"]
[EventRounds "6"]
[EventCountry "ITA"]
[SourceTitle "EXT 2011"]
[Source "ChessBase"]
[SourceDate "2010.11.26"]
[SourceVersion "1"]
[SourceVersionDate "2010.11.26"]
[SourceQuality "1"]

1. e4 c5 2. Nf3 e6 3. d4 cxd4 4. Nxd4 a6 5. Bd3 Nf6 6. 0-0 d6 7. c4 Bd7 8. Nc3 Nc6 9. Nb3 Be7 10. f4 Qc7 11. Kh1 b6 12. Qf3 Rb8 13. g4 Bc8 14. g5 Nd7 15. Be3 Bb7 16. Rad1 0-0 17. Qg4 Rfe8 18. Rf3 Rbd8 19. h4 Nb4 20. Bb1 d5 21. exd5 exd5 22. cxd5 Nf8 23. Be4 Bd6 24. f5 Be5 25. Bf4 Nxa2 26. Nxa2 Qc4 27. Bxe5 Rxe5 28. Rd4 Qe2 29. Qg2 Rxe4 30. Rf2 Qe1+ 31. Rf1 Qxh4+ 32. Qh2 Rxd4 0-1